Countries Mentioned in the Quran - Statistics

General Stats
  • This quiz has been taken 203 times
  • The average score is 7 of 9
Answer Stats
Example Country % Correct
Surah Yusuf (12:21) Egypt
94%
Surah Al-Ahzab (33:13) Saudi Arabia
91%
Surah Al-Baqarah (2:102) Iraq
87%
Surah Al-Isra (17:1) Israel
85%
Surah Ar-Rum (30:1-5) Iran
82%
Surah Hud (11:44) Turkey
77%
Surah Hud (11:84) Jordan
68%
Surah Al-Ma'idah (5:21) Palestine
66%
Surah Ar-Rum (30:1-5) Italy
64%
No matching quizzes found
Score Distribution
Percent of People with Each Score
Percentile by Number Answered
Your Score History
You have not taken this quiz